[Event "4NCL/Div2/WWKS vs. GUI2"]
[Site "West Bromwich ENG"]
[Date "2003.05.04"]
[Round "10.7"]
[White "Wu, Li"]
[Black "Frostick, Clive A"]
[Result "1-0"]
[WhiteElo "2195"]
[BlackElo "2216"]
[PlyCount "79"]
[EventDate "2003.05.04"]

1. d4 d5 2. c4 dxc4 3. Nf3 Nf6 4. e3 e6 5. Bxc4 a6 6. O-O c5 7. Bb3 Nc6 8. Nc3
Qc7 9. Qe2 Be7 10. dxc5 Bxc5 11. e4 Ng4 12. g3 h6 13. Bd2 O-O 14. Rac1 Ba7 15.
Kg2 e5 16. h3 Nf6 17. Nd5 Qd8 18. Rfd1 Be6 19. Be3 Bxe3 20. Qxe3 Nd7 21. Ba4
Rc8 22. Rd2 Kh8 23. Rdc2 Qa5 24. Bxc6 Rxc6 25. Rxc6 bxc6 26. Rxc6 Qxa2 27. Nc7
Qxb2 28. Nxe6 fxe6 29. Rxa6 Rc8 30. Rxe6 Rc3 31. Rxh6+ gxh6 32. Qxh6+ Kg8 33.
Qe6+ Kh8 34. Qe8+ Kg7 35. Qxd7+ Kg8 36. Ng5 Qb3 37. Ne6 Rxg3+ 38. fxg3 Qc2+ 39.
Kf3 Qb3+ 40. Kg4 1-0

[Event "4NCL/Div2/WWKS vs. GUI2"]
[Site "West Bromwich ENG"]
[Date "2003.05.04"]
[Round "10.8"]
[White "Yurenok, Maria S"]
[Black "Chevannes, Sabrina"]
[Result "1/2-1/2"]
[WhiteElo "2103"]
[BlackElo "1986"]
[PlyCount "45"]
[EventDate "2003.05.04"]

1. d4 Nf6 2. Nf3 d5 3. Bg5 Ne4 4. Bf4 c5 5. c3 Nc6 6. e3 Qb6 7. Qb3 c4 8. Qc2
h6 9. Be2 Bf5 10. Qc1 e6 11. O-O Be7 12. Nbd2 Qd8 13. Nxe4 Bxe4 14. Nd2 Bh7 15.
e4 O-O 16. exd5 exd5 17. Bd1 b5 18. Bc2 Bxc2 19. Qxc2 b4 20. Nf3 a5 21. Rfe1
Ra6 22. Re2 a4 23. Rb1 1/2-1/2

[Event "4NCL/Div2/KHE vs. WRO1"]
[Site "West Bromwich ENG"]
[Date "2003.05.04"]
[Round "10.1"]
[White "McMichael, Richard"]
[Black "Dunnington, Angus J"]
[Result "1/2-1/2"]
[WhiteElo "2294"]
[BlackElo "2388"]
[PlyCount "47"]
[EventDate "2003.05.04"]

1. c4 e5 2. g3 f5 3. Bg2 Nf6 4. d4 d6 5. Nc3 Be7 6. e3 O-O 7. Nge2 c6 8. b3 Na6
9. d5 Bd7 10. O-O Kh8 11. Qd2 Rb8 12. dxc6 bxc6 13. Ba3 c5 14. Rad1 Nb4 15.
Bxb4 Rxb4 16. Nd5 Nxd5 17. Bxd5 Qe8 18. f4 e4 19. Kh1 a5 20. g4 fxg4 21. Ng3 a4
22. Qc2 axb3 23. axb3 Bh4 24. Nxe4 1/2-1/2

[Event "4NCL/Div2/KHE vs. WRO1"]
[Site "West Bromwich ENG"]
[Date "2003.05.04"]
[Round "10.2"]
[White "McFarland, Robert S"]
[Black "Jossien, Arnaud"]
[Result "1/2-1/2"]
[WhiteElo "2292"]
[BlackElo "2340"]
[PlyCount "46"]
[EventDate "2003.05.04"]

1. Nf3 e6 2. g3 f5 3. Bg2 Nf6 4. b3 Be7 5. Bb2 O-O 6. O-O d6 7. d4 Bd7 8. c4
Qe8 9. Nc3 Ne4 10. e3 Qg6 11. Nxe4 fxe4 12. Nd2 d5 13. f3 exf3 14. Nxf3 Nc6 15.
Qe2 Rad8 16. Rad1 Be8 17. Rfe1 Qg4 18. Rf1 Bh5 19. Rf2 Rf7 20. Rdf1 Rdf8 21.
cxd5 exd5 22. Qb5 Qd7 23. Qxb7 Qe6 1/2-1/2

[Event "4NCL/Div2/KHE vs. WRO1"]
[Site "West Bromwich ENG"]
[Date "2003.05.04"]
[Round "10.3"]
[White "Kwiatkowski, Feliks J"]
[Black "Gourlay, Iain"]
[Result "1/2-1/2"]
[WhiteElo "2252"]
[BlackElo "2276"]
[PlyCount "86"]
[EventDate "2003.05.04"]

1. e4 c5 2. Nf3 e6 3. c3 Nf6 4. e5 Nd5 5. d4 cxd4 6. cxd4 d6 7. Bd3 Nc6 8. a3
Qa5+ 9. Bd2 Qb6 10. Nc3 Nxd4 11. Nxd5 exd5 12. Nxd4 Qxd4 13. Bb5+ Bd7 14. Bxd7+
Kxd7 15. O-O dxe5 16. Qb3 Ke6 17. Qxb7 Bd6 18. Be3 Qc4 19. b3 Rhb8 20. Qxb8
Qxf1+ 21. Kxf1 Rxb8 22. Bxa7 Rxb3 23. a4 Ra3 24. Rxa3 Bxa3 25. a5 Kd7 26. f4 f6
27. fxe5 fxe5 28. a6 Bd6 29. Bd4 Kc6 30. a7 Kb7 31. Bb6 e4 32. h3 Be5 33. Ke2
d4 34. Kd1 g5 35. h4 g4 36. h5 g3 37. Bc5 d3 38. Be3 Bd6 39. Kd2 Bb4+ 40. Kd1
Bc3 41. Bc5 Be5 42. Be3 Bd6 43. Kd2 Bb4+ 1/2-1/2

[Event "4NCL/Div2/KHE vs. WRO1"]
[Site "West Bromwich ENG"]
[Date "2003.05.04"]
[Round "10.4"]
[White "Gayson, Peter M"]
[Black "Thomas, Richard H"]
[Result "0-1"]
[WhiteElo "2247"]
[BlackElo "2204"]
[PlyCount "77"]
[EventDate "2003.05.04"]

1. e4 g6 2. d4 Bg7 3. Nc3 c6 4. Bc4 b5 5. Bb3 b4 6. Qf3 e6 7. Nce2 Nf6 8. h4
Bb7 9. Ng3 d5 10. e5 Nfd7 11. h5 c5 12. c3 Nc6 13. hxg6 hxg6 14. Rxh8+ Bxh8 15.
Qg4 bxc3 16. bxc3 cxd4 17. cxd4 Nxd4 18. Qxd4 Bxe5 19. Qb4 Bxa1 20. Qxb7 Qc8
21. Qxc8+ Rxc8 22. Ba3 Nc5 23. Bc2 e5 24. N1e2 f5 25. Nc1 e4 26. Nb3 Bc3+ 27.
Kd1 Ne6 28. Ne2 Be5 29. Na5 Nd4 30. Ba4+ Kf7 31. Bb2 Nxe2 32. Bxe5 Nc3+ 33.
Bxc3 Rxc3 34. Bb3 Ke6 35. Kd2 Rc5 36. Nb7 Rc7 37. Na5 Ke5 38. g3 g5 39. Ba4 {
time} 0-1

[Event "4NCL/Div2/KHE vs. WRO1"]
[Site "West Bromwich ENG"]
[Date "2003.05.04"]
[Round "10.5"]
[White "O'Shaughnessy, Conor"]
[Black "Burnett, Jim"]
[Result "1-0"]
[WhiteElo "2207"]
[BlackElo "2187"]
[PlyCount "57"]
[EventDate "2003.05.04"]

1. Nf3 d5 2. b3 Nf6 3. Bb2 e6 4. e3 Be7 5. c4 O-O 6. Be2 b6 7. O-O Bb7 8. d4 c6
9. Nc3 Nbd7 10. Rc1 Rc8 11. Bd3 Qc7 12. cxd5 exd5 13. Re1 Rfe8 14. e4 dxe4 15.
Nxe4 Nxe4 16. Rxe4 Nf6 17. Re1 Qb8 18. Ne5 g6 19. Bc4 Nd5 20. Qf3 f6 21. Nxc6
Bxc6 22. Bxd5+ Bxd5 23. Qxd5+ Kg7 24. Qd7 Qd6 25. Qxa7 Ra8 26. Qc7 Qxc7 27.
Rxc7 Rxa2 28. Rcxe7+ Rxe7 29. Rxe7+ 1-0

[Event "4NCL/Div2/KHE vs. WRO1"]
[Site "West Bromwich ENG"]
[Date "2003.05.04"]
[Round "10.6"]
[White "Barrett, Steve J"]
[Black "Okike, David C"]
[Result "0-1"]
[WhiteElo "2140"]
[BlackElo "2163"]
[PlyCount "84"]
[EventDate "2003.05.04"]

1. d4 Nf6 2. c4 e6 3. Nc3 Bb4 4. Nf3 c5 5. g3 Bxc3+ 6. bxc3 O-O 7. Bg2 Nc6 8.
O-O d6 9. h3 h6 10. Rb1 Nd7 11. d5 exd5 12. cxd5 Nce5 13. Nh4 Qf6 14. e4 Nb6
15. f4 Nec4 16. Qd3 Bd7 17. Nf5 Bxf5 18. exf5 Rae8 19. g4 Qh4 20. Bd2 Nxd2 21.
Qxd2 Re7 22. Qf2 Qf6 23. Rfe1 Rfe8 24. Rxe7 Qxe7 25. Kf1 Na4 26. c4 Nb6 27. Rc1
Qe3 28. Qxe3 Rxe3 29. Kf2 Ra3 30. Rc2 Na4 31. Kf1 b6 32. f6 gxf6 33. Re2 Kf8
34. Be4 Rxh3 35. Kg2 Rc3 36. Rc2 Ra3 37. Bf5 Nc3 38. Kf3 Nxa2+ 39. Ke2 Nb4 40.
Rc1 a5 41. Kf2 a4 42. Kg2 Rb3 0-1

[Event "4NCL/Div2/KHE vs. WRO1"]
[Site "West Bromwich ENG"]
[Date "2003.05.04"]
[Round "10.7"]
[White "Bass, John"]
[Black "van Kemenade, Rudy"]
[Result "1-0"]
[WhiteElo "2045"]
[BlackElo "2142"]
[PlyCount "107"]
[EventDate "2003.05.04"]

1. d4 Nf6 2. Nf3 g6 3. c4 Bg7 4. Nc3 O-O 5. Bg5 d6 6. e3 Nbd7 7. Be2 c6 8. O-O
h6 9. Bh4 Qe8 10. Qc2 e5 11. b4 Nh7 12. dxe5 dxe5 13. Nd2 g5 14. Bg3 f5 15. f3
h5 16. Bd3 h4 17. Bf2 e4 18. fxe4 Ne5 19. exf5 Nxd3 20. Qxd3 Bxf5 21. e4 Bg6
22. Bc5 Rxf1+ 23. Rxf1 Rd8 24. Qc2 b6 25. Be3 Qe5 26. Ne2 g4 27. Nf4 Bf7 28.
Rb1 Qc3 29. Qxc3 Bxc3 30. Nf1 Bxc4 31. Rc1 Bxf1 32. Kxf1 Bxb4 33. Rxc6 Rd6 34.
Rc8+ Nf8 35. e5 Rd1+ 36. Kf2 Ra1 37. e6 Rxa2+ 38. Kf1 Ra5 39. Ke2 Bd6 40. Kd3
Kh7 41. Rc7+ Kg8 42. e7 Kf7 43. exf8=Q+ Kxf8 44. Rd7 Bxf4 45. Bxf4 h3 46. gxh3
gxh3 47. Rh7 Ra3+ 48. Kc2 Kg8 49. Rh5 Kf7 50. Bg3 a5 51. Rb5 Ra2+ 52. Rb2 Rxb2+
53. Kxb2 b5 54. Bc7 1-0

[Event "4NCL/Div2/KHE vs. WRO1"]
[Site "West Bromwich ENG"]
[Date "2003.05.04"]
[Round "10.8"]
[White "van Kemenade, Julie"]
[Black "Grigoryan, Meri"]
[Result "1-0"]
[WhiteElo "1664"]
[BlackElo "2023"]
[PlyCount "53"]
[EventDate "2003.05.04"]

1. e4 e5 2. Bc4 Nf6 3. d3 d5 4. exd5 Nxd5 5. Nf3 Nc6 6. O-O Bc5 7. Ng5 O-O 8.
Nc3 Nf6 9. Nce4 Nxe4 10. Nxe4 Be7 11. a3 Bf5 12. Ng3 Bg6 13. c3 Na5 14. f4 exf4
15. Bxf4 Nxc4 16. dxc4 c6 17. Qg4 Qb6+ 18. Kh1 Bf6 19. h4 Bd8 20. h5 f5 21. Qe2
Be8 22. Bd6 Bc7 23. Bxf8 Bxg3 24. Rxf5 Bf7 25. Rxf7 Rxf8 26. Rxf8+ Kxf8 27.
Rf1+ 1-0

[Event "4NCL/Div2/GUI2 vs. 3CS1"]
[Site "West Bromwich ENG"]
[Date "2003.05.05"]
[Round "11.2"]
[White "Davies, Nigel R"]
[Black "Baker, Christopher W"]
[Result "1/2-1/2"]
[WhiteElo "2483"]
[BlackElo "2359"]
[PlyCount "86"]
[EventDate "2003.05.05"]

1. d4 d5 2. c4 c6 3. Nc3 Nf6 4. e3 e6 5. Nf3 Nbd7 6. Be2 Bd6 7. Qc2 Qe7 8. O-O
O-O 9. b3 a6 10. Rd1 Re8 11. Bb2 b5 12. e4 Nxe4 13. Nxe4 dxe4 14. Qxe4 Nf6 15.
Qh4 Bb7 16. Bd3 h6 17. Re1 Ba3 18. Bxa3 Qxa3 19. c5 a5 20. g4 a4 21. g5 hxg5
22. Qxg5 axb3 23. axb3 Qxb3 24. Rad1 Ra4 25. Kh1 Kf8 26. Rg1 Qd5 27. Qxg7+ Ke7
28. Qg3 Rxd4 29. Be2 Rg8 30. Qc7+ Qd7 31. Qe5 Rxg1+ 32. Rxg1 Re4 33. Qb2 Qd5
34. Rg5 e5 35. Kg1 Rg4+ 36. Rxg4 Nxg4 37. h3 e4 38. hxg4 exf3 39. Bxf3 Qxf3 40.
Qe5+ Kf8 41. Qh8+ Ke7 42. Qe5+ Kf8 43. Qh8+ Ke7 1/2-1/2

[Event "4NCL/Div2/GUI2 vs. 3CS1"]
[Site "West Bromwich ENG"]
[Date "2003.05.05"]
[Round "11.3"]
[White "Povah, Nigel E"]
[Black "James, Dale R"]
[Result "1-0"]
[WhiteElo "2360"]
[BlackElo "2214"]
[PlyCount "80"]
[EventDate "2003.05.05"]

1. d4 d5 2. Bg5 h6 3. Bh4 c6 4. Nf3 Qb6 5. Qc1 g6 6. e3 Bg7 7. c4 dxc4 8. Bxc4
Nd7 9. O-O Ngf6 10. Qc2 e6 11. Nc3 O-O 12. Rad1 Qa5 13. Bb3 b6 14. e4 Ba6 15.
Rfe1 Rfc8 16. e5 Ne8 17. Be7 Rc7 18. Ne4 Nxe5 19. Nxe5 Bxe5 20. dxe5 Rxe7 21.
Nf6+ Kg7 22. Qxc6 Rd8 23. Qf3 Rxd1 24. Nxe8+ Rxe8 25. Qf6+ Kg8 26. Rxd1 Qb5 27.
h4 h5 28. Rd4 Qc6 29. Rd6 Qc7 30. Bxe6 fxe6 31. Qxg6+ Kf8 32. Qf6+ Kg8 33. Qg5+
Kf8 34. Qh6+ Kg8 35. Kh2 Qf7 36. Qg5+ Kf8 37. Rd4 Qg7 38. Rf4+ Kg8 39. Qxh5 Qe7
40. Rg4+ Kf8 1-0

[Event "4NCL/Div2/GUI2 vs. 3CS1"]
[Site "West Bromwich ENG"]
[Date "2003.05.05"]
[Round "11.4"]
[White "Clarke, Stuart W"]
[Black "Thompson, Ian D"]
[Result "1-0"]
[WhiteElo "2287"]
[BlackElo "2290"]
[PlyCount "135"]
[EventDate "2003.05.05"]

1. e4 e6 2. d4 d5 3. Nd2 Nf6 4. e5 Nfd7 5. c3 c5 6. Bd3 Nc6 7. Ne2 cxd4 8. cxd4
f6 9. exf6 Qxf6 10. Nf3 h6 11. O-O Bd6 12. Bc2 O-O 13. Be3 Rd8 14. Qd2 Nf8 15.
Bf4 Bb4 16. Qd3 Bd7 17. a3 Be7 18. Ne5 Be8 19. Bg3 Rac8 20. Rfe1 Nxe5 21. Bxe5
Qg6 22. Rac1 Qxd3 23. Bxd3 g5 24. Bc7 Rd7 25. Ba5 Rxc1 26. Rxc1 b6 27. Bd2 Bf6
28. Bb4 Bh5 29. f3 a5 30. Bxf8 Kxf8 31. g4 Bf7 32. Rc8+ Rd8 33. Rc6 Rb8 34. Kf2
Kg7 35. Ke3 e5 36. Bb5 exd4+ 37. Nxd4 Re8+ 38. Kd3 Bg6+ 39. Nf5+ Bxf5+ 40. gxf5
Rb8 41. Rc7+ Kf8 42. b3 Be5 43. Rc6 Bxh2 44. Rxh6 Be5 45. Re6 Bb2 46. a4 Ba3
47. Rg6 Kf7 48. Bd7 Bc1 49. Be6+ Ke7 50. Bxd5 Rf8 51. Re6+ Kd7 52. Ke4 Bb2 53.
Rxb6 Bc3 54. Rg6 Bf6 55. Rh6 Kd6 56. Be6 Bc3 57. Bc4+ Bf6 58. Be6 Bc3 59. Rg6
Bf6 60. f4 gxf4 61. Kxf4 Bc3 62. Bc4+ Bf6 63. Rh6 Kc5 64. Rxf6 Rxf6 65. Ke5 Rh6
66. f6 Rh3 67. f7 Rf3 68. Ke6 1-0

[Event "4NCL/Div2/GUI2 vs. 3CS1"]
[Site "West Bromwich ENG"]
[Date "2003.05.05"]
[Round "11.5"]
[White "Granat, Russell G"]
[Black "Ashton, Adam G"]
[Result "1/2-1/2"]
[WhiteElo "2245"]
[BlackElo "2197"]
[PlyCount "48"]
[EventDate "2003.05.05"]

1. e4 e5 2. Nf3 Nc6 3. Bb5 a6 4. Ba4 Nf6 5. O-O Bc5 6. Bxc6 dxc6 7. Nxe5 Nxe4
8. Qe2 Qd5 9. Nd3 O-O 10. Nxc5 Nxc5 11. Nc3 Qf5 12. d3 Ne6 13. Be3 Nf4 14. Qf3
Nd5 15. Qg3 Be6 16. Nxd5 cxd5 17. Qxc7 Rac8 18. Qxb7 d4 19. Bxd4 Bd5 20. Qb4
Bxg2 21. Kxg2 Qg4+ 22. Kh1 Qf3+ 23. Kg1 Qg4+ 24. Kh1 Qf3+ 1/2-1/2

[Event "4NCL/Div2/GUI2 vs. 3CS1"]
[Site "West Bromwich ENG"]
[Date "2003.05.05"]
[Round "11.6"]
[White "Taylor, Robert M"]
[Black "Jackson, Adrian"]
[Result "1/2-1/2"]
[WhiteElo "2165"]
[BlackElo "2232"]
[PlyCount "85"]
[EventDate "2003.05.05"]

1. e4 c5 2. Nc3 Nc6 3. f4 g6 4. Nf3 Bg7 5. Bb5 Nd4 6. O-O a6 7. Bd3 d6 8. Nxd4
cxd4 9. Ne2 Nf6 10. Ng3 O-O 11. b3 Nd7 12. Bb2 Nc5 13. Qe2 Bd7 14. Rf2 Bb5 15.
Qf3 Nxd3 16. cxd3 Rc8 17. Ne2 Qb6 18. f5 Rc2 19. Bc1 Qc5 20. a4 Bd7 21. Ba3 Qe5
22. Ng3 Bh6 23. Nf1 b5 24. f6 exf6 25. Qxf6 Qxf6 26. Rxf6 Be6 27. Bxd6 Rd8 28.
Bb4 Bg7 29. Rf2 Bxb3 30. axb5 axb5 31. Ra5 Rb2 32. Rxb5 Bc2 33. Rf3 Bf8 34. Ba5
Rxb5 35. Bxd8 Rb3 36. Bf6 Rxd3 37. Rxd3 Bxd3 38. Bxd4 Bxe4 39. Ng3 Bd5 40. Kf2
Bd6 41. Bf6 Kf8 42. d3 Bc5+ 43. d4 1/2-1/2

[Event "4NCL/Div2/GUI2 vs. 3CS1"]
[Site "West Bromwich ENG"]
[Date "2003.05.05"]
[Round "11.7"]
[White "Frostick, Clive A"]
[Black "Longson, Alexander"]
[Result "1-0"]
[WhiteElo "2216"]
[BlackElo "2202"]
[PlyCount "85"]
[EventDate "2003.05.05"]

1. e4 c5 2. Nf3 d6 3. d4 cxd4 4. Nxd4 Nf6 5. Nc3 a6 6. g3 e5 7. Nde2 b5 8. Bg2
Bb7 9. h3 Be7 10. O-O O-O 11. g4 Nbd7 12. Ng3 b4 13. Nd5 Nxd5 14. exd5 Bg5 15.
a3 Bxc1 16. Qxc1 bxa3 17. Rxa3 g6 18. Qd2 Rc8 19. b3 f6 20. Ra2 Qb6 21. Kh2 Kg7
22. Qe3 Qxe3 23. fxe3 Kf7 24. c4 Ke7 25. Be4 Nb6 26. Bd3 Rc5 27. Ne4 Rcc8 28.
Raf2 Nd7 29. b4 a5 30. bxa5 Nc5 31. Nxc5 Rxc5 32. Rb2 Ba6 33. Ra1 Ra8 34. Rb4
Rac8 35. Rb6 Ra8 36. Kg3 Ra7 37. h4 Bxc4 38. Bxc4 Rxc4 39. a6 Rcc7 40. Rab1 Kd7
41. h5 Ra8 42. hxg6 hxg6 43. Rh1 1-0

[Event "4NCL/Div2/GUI2 vs. 3CS1"]
[Site "West Bromwich ENG"]
[Date "2003.05.05"]
[Round "11.8"]
[White "Kosteniuk, Oxana"]
[Black "Yurenok, Maria S"]
[Result "1/2-1/2"]
[WhiteElo "2184"]
[BlackElo "2103"]
[PlyCount "132"]
[EventDate "2003.05.05"]

1. e4 c5 2. Nf3 e6 3. d4 cxd4 4. Nxd4 Nc6 5. Nxc6 bxc6 6. Bd3 Nf6 7. O-O d5 8.
e5 Nd7 9. Qe2 g6 10. Kh1 Bg7 11. f4 O-O 12. Nd2 Nc5 13. b3 Nxd3 14. Qxd3 a5 15.
Qg3 Ba6 16. Re1 c5 17. Nf3 Rc8 18. Bd2 Bb7 19. Ng5 h6 20. Nf3 d4 21. Qh3 Bxf3
22. Qxf3 Qb6 23. Qd3 Rfd8 24. Rf1 a4 25. Qc4 axb3 26. axb3 Ra8 27. Ra4 Rxa4 28.
Qxa4 Rc8 29. Be1 Qc6 30. Qxc6 Rxc6 31. Bf2 Bf8 32. Ra1 Kg7 33. Kg1 Rc7 34. Ra4
Be7 35. Kf1 Rb7 36. Ke2 Bd8 37. Kd3 Be7 38. Ra5 Rb4 39. Ra4 Rb7 40. Be1 Kf8 41.
Ra8+ Kg7 42. Kc4 f6 43. Ba5 g5 44. g3 gxf4 45. gxf4 fxe5 46. fxe5 Kg6 47. Bd8
Kf5 48. Bxe7 Rxe7 49. Rh8 Kxe5 50. Rxh6 Kd6 51. Rh8 e5 52. Rh6+ Kc7 53. Kxc5 e4
54. Ra6 d3 55. cxd3 exd3 56. Ra1 Re2 57. Rd1 d2 58. h4 Rh2 59. b4 Kb7 60. Kb5
Rxh4 61. Rxd2 Rh5+ 62. Ka4 Rh6 63. Rf2 Kb6 64. Rf5 Rg6 65. Rb5+ Ka6 66. Rf5 Kb6
1/2-1/2

[Event "4NCL/Div2/PPA1 vs. WWKS"]
[Site "West Bromwich ENG"]
[Date "2003.05.05"]
[Round "11.1"]
[White "Swanson, Stephen"]
[Black "Lawton, Geoff W"]
[Result "0-1"]
[WhiteElo "2291"]
[BlackElo "2402"]
[PlyCount "118"]
[EventDate "2003.05.05"]

1. e4 c5 2. Nf3 Nc6 3. Bb5 g6 4. Bxc6 dxc6 5. O-O Bg7 6. d3 e5 7. a3 a5 8. Be3
Qe7 9. Nc3 Nf6 10. h3 Nd7 11. Qd2 O-O 12. Bh6 Bxh6 13. Qxh6 a4 14. Nd2 b5 15.
Nd1 Ra7 16. Ne3 Qf6 17. g3 Qg7 18. Qxg7+ Kxg7 19. Kg2 Rd8 20. f4 c4 21. dxc4
Nc5 22. Rf2 Rad7 23. Nef1 exf4 24. gxf4 bxc4 25. Re1 Ba6 26. Nf3 Rb8 27. Ne5
Rd6 28. Nd2 f6 29. Nexc4 Bxc4 30. Nxc4 Rd4 31. Na5 Rxb2 32. e5 f5 33. Nxc6 Rc4
34. Nb4 Ne6 35. Kh2 Kf7 36. Rd1 Nxf4 37. Rd7+ Ke6 38. Rxh7 Kxe5 39. Ra7 g5 40.
Rxa4 Rc3 41. Ra5+ Ke4 42. Rf1 Rxh3+ 43. Kg1 Rg3+ 44. Kh1 g4 45. Re1+ Re3 46.
Rxe3+ Kxe3 47. Rxf5 Rb1+ 48. Kh2 Kf3 49. Rg5 Ne2 50. Rf5+ Ke4 51. Rg5 Kf4 52.
Rg8 Kf3 53. Rf8+ Nf4 54. Rg8 Rb2 55. Rg7 Rb1 56. Rg8 Rd1 57. Nd3 Rd2+ 58. Kg1
Kg3 59. Nf2 Nh3+ 0-1

[Event "4NCL/Div2/PPA1 vs. WWKS"]
[Site "West Bromwich ENG"]
[Date "2003.05.05"]
[Round "11.2"]
[White "Thomas, Nicholas"]
[Black "Johnson, Björn"]
[Result "1-0"]
[WhiteElo "2256"]
[BlackElo "2261"]
[PlyCount "55"]
[EventDate "2003.05.05"]

1. e4 e6 2. d4 d5 3. Nd2 Nf6 4. Bd3 c5 5. c3 Nc6 6. Ngf3 cxd4 7. cxd4 dxe4 8.
Nxe4 Be7 9. O-O O-O 10. Re1 Nd5 11. a3 b6 12. Bg5 Bb7 13. Bc2 Ba6 14. Bxe7 Qxe7
15. Ne5 Rac8 16. Rc1 Rfd8 17. Nxf7 Kxf7 18. Qh5+ Kg8 19. Ng5 h6 20. Nxe6 Nf6
21. Qg6 Re8 22. Bb3 Na5 23. Nxg7+ Kh8 24. Qxh6+ Nh7 25. Nxe8 Nxb3 26. Rxe7
Rxc1+ 27. Qxc1 Nxc1 28. d5 1-0

[Event "4NCL/Div2/PPA1 vs. WWKS"]
[Site "West Bromwich ENG"]
[Date "2003.05.05"]
[Round "11.3"]
[White "Posazhennikov, Alex"]
[Black "Mason, Don"]
[Result "0-1"]
[WhiteElo "2262"]
[BlackElo "2256"]
[PlyCount "52"]
[EventDate "2003.05.05"]

1. d4 e6 2. c4 f5 3. e4 fxe4 4. f3 d5 5. Nc3 Bb4 6. Qb3 Nc6 7. Be3 Nf6 8. O-O-O
Bxc3 9. Qxc3 O-O 10. fxe4 Nxe4 11. Qc2 Bd7 12. Nf3 Be8 13. a3 Bh5 14. Be2 Bg6
15. Bd3 Bf5 16. Rde1 h6 17. c5 b6 18. Qa4 Ne7 19. Ne5 bxc5 20. g4 cxd4 21. Bxd4
c5 22. Nd7 cxd4 23. Nxf8 Nc5 24. Nxe6 Nxd3+ 25. Kd2 Bxe6 26. Rxe6 Nc5 0-1

[Event "4NCL/Div2/PPA1 vs. WWKS"]
[Site "West Bromwich ENG"]
[Date "2003.05.05"]
[Round "11.4"]
[White "Hynes, Anthony"]
[Black "Moore, Gerald"]
[Result "0-1"]
[WhiteElo "2221"]
[BlackElo "2238"]
[PlyCount "84"]
[EventDate "2003.05.05"]

1. e4 c5 2. Nf3 Nc6 3. d4 cxd4 4. Nxd4 e6 5. Nc3 d6 6. Be2 Nf6 7. O-O Be7 8.
Be3 O-O 9. f4 Bd7 10. Ndb5 Qb8 11. a4 Rd8 12. a5 Be8 13. Bf3 d5 14. exd5 exd5
15. Nd4 Bc5 16. Nce2 Qc7 17. c3 Nxa5 18. Kh1 Nc4 19. Bc1 Bd7 20. b3 Nd6 21. Qd3
Nde4 22. Bb2 a6 23. c4 dxc4 24. Qxc4 Nd2 25. Qc3 Nxf1 26. Rxf1 Bd6 27. Qd3 Qb6
28. Nf5 Bxf5 29. Qxf5 Be7 30. Bc3 Qc5 31. Qh3 Rd3 32. Be5 Ne4 33. Qg4 Nf6 34.
Qg5 h6 35. Qf5 Rad8 36. Ng3 Rxb3 37. Ne4 Qc8 38. Nxf6+ Bxf6 39. Qe4 Bxe5 40.
fxe5 Rc3 41. Qxb7 Qxb7 42. Bxb7 a5 0-1

[Event "4NCL/Div2/PPA1 vs. WWKS"]
[Site "West Bromwich ENG"]
[Date "2003.05.05"]
[Round "11.5"]
[White "Byway, Paul"]
[Black "Wu, Li"]
[Result "1/2-1/2"]
[WhiteElo "2188"]
[BlackElo "2195"]
[PlyCount "68"]
[EventDate "2003.05.05"]

1. d4 Nf6 2. Nf3 g6 3. Bg5 Bg7 4. Nbd2 O-O 5. c3 d5 6. e3 Nbd7 7. Be2 Re8 8.
O-O e5 9. dxe5 Nxe5 10. Nxe5 Rxe5 11. Nf3 Re8 12. c4 h6 13. Bh4 g5 14. Bg3 Ne4
15. Qxd5 Nxg3 16. hxg3 Bxb2 17. Rab1 Bf6 18. Rfd1 Qe7 19. Nd4 c6 20. Qa5 c5 21.
Nb5 Be5 22. Rd5 b6 23. Qd2 Qf6 24. Nd6 Bxd6 25. Rxd6 Be6 26. Bg4 Rad8 27. Rd1
Rxd6 28. Qxd6 Kg7 29. Bxe6 Qxe6 30. Qxe6 Rxe6 31. Kf1 Kf6 32. Ke2 Ke7 33. f3
Rd6 34. Rh1 a6 1/2-1/2

[Event "4NCL/Div2/PPA1 vs. WWKS"]
[Site "West Bromwich ENG"]
[Date "2003.05.05"]
[Round "11.6"]
[White "Baruch, Andrew JD"]
[Black "Day, Tom W"]
[Result "1-0"]
[WhiteElo "2072"]
[BlackElo "2116"]
[PlyCount "69"]
[EventDate "2003.05.05"]

1. e4 c5 2. Nf3 d6 3. Bb5+ Nc6 4. O-O Bd7 5. Re1 e6 6. c3 Nf6 7. d4 cxd4 8.
cxd4 d5 9. e5 Ne4 10. Bd3 Nb4 11. Bxe4 dxe4 12. Rxe4 Bc6 13. Re3 Bc5 14. Nc3
Bxf3 15. Rxf3 Qxd4 16. Be3 Qxe5 17. Bxc5 Qxc5 18. Ne4 Qd5 19. Nd6+ Ke7 20.
Rxf7+ Kxd6 21. Qa4 Qc4 22. Rxb7 Rhd8 23. Rxb4 Qc5 24. Rc4 Qb6 25. Rac1 Ke7 26.
Rc7+ Kf6 27. Qf4+ Kg6 28. Qg4+ Kf6 29. Qxg7+ Kf5 30. Rf7+ Ke4 31. Qxh7+ Kd5 32.
Qd3+ Qd4 33. Qb3+ Ke5 34. Re1+ Kd6 35. Rd1 1-0

[Event "4NCL/Div2/PPA1 vs. WWKS"]
[Site "West Bromwich ENG"]
[Date "2003.05.05"]
[Round "11.7"]
[White "Winfridsson, Ola"]
[Black "Hunt, Malcolm A"]
[Result "1/2-1/2"]
[WhiteElo "2038"]
[BlackElo "1960"]
[PlyCount "41"]
[EventDate "2003.05.05"]

1. d4 d5 2. c4 Nc6 3. Nf3 e5 4. dxe5 Bb4+ 5. Bd2 dxc4 6. g3 Nge7 7. Bg2 O-O 8.
O-O Rb8 9. Qc2 b5 10. Rd1 Qe8 11. a4 a6 12. axb5 axb5 13. Bf4 Ng6 14. Nc3 Ncxe5
15. Nxe5 Nxe5 16. Nd5 Bd6 17. Ra7 Bb7 18. Nxc7 Bxc7 19. Rxb7 Rxb7 20. Bxb7 Qb8
21. Be4 1/2-1/2

[Event "4NCL/Div2/PPA1 vs. WWKS"]
[Site "West Bromwich ENG"]
[Date "2003.05.05"]
[Round "11.8"]
[White "Chevannes, Sabrina"]
[Black "Aarons, Poppy J"]
[Result "1-0"]
[WhiteElo "1986"]
[BlackElo "1907"]
[PlyCount "41"]
[EventDate "2003.05.05"]

1. d4 e6 2. Nf3 Nf6 3. Bg5 d5 4. e3 c5 5. c3 Nc6 6. Nbd2 Be7 7. Bd3 h6 8. Bh4
O-O 9. O-O Bd7 10. Ne5 Ne8 11. Bxe7 Qxe7 12. f4 Nc7 13. Ndf3 Nxe5 14. Nxe5 Bb5
15. Rf3 Bxd3 16. Qxd3 Rfe8 17. Rg3 f5 18. Qe2 Kh7 19. Qh5 Nb5 20. Qg6+ Kg8 21.
Qxh6 1-0

[Event "4NCL/Div2/WRO1 vs. NWE1"]
[Site "West Bromwich ENG"]
[Date "2003.05.05"]
[Round "11.2"]
[White "Crouch, Colin S"]
[Black "McFarland, Robert S"]
[Result "1-0"]
[WhiteElo "2375"]
[BlackElo "2292"]
[PlyCount "73"]
[EventDate "2003.05.05"]

1. d4 g6 2. e4 Bg7 3. c4 d6 4. Nc3 Nf6 5. Nf3 O-O 6. Be2 e5 7. O-O Nc6 8. d5
Ne7 9. b4 a5 10. bxa5 Rxa5 11. Nd2 Ne8 12. Nb3 Ra8 13. c5 dxc5 14. Nxc5 Nd6 15.
Be3 b6 16. Nb3 Ba6 17. Bxa6 Rxa6 18. Qd3 Ra8 19. a4 Qd7 20. f3 Nb7 21. Qb5 Qd6
22. a5 Nc8 23. axb6 Nxb6 24. Nc5 Na5 25. Nd3 Nb7 26. Qc6 Qxc6 27. dxc6 Nd6 28.
Bxb6 cxb6 29. Nd5 Rab8 30. c7 Rb7 31. N3b4 Re8 32. Rfc1 Nc8 33. Ra8 Kf8 34. Nc6
Bh6 35. Rc2 b5 36. Nd8 Ra7 37. Rxc8 1-0

[Event "4NCL/Div2/WRO1 vs. NWE1"]
[Site "West Bromwich ENG"]
[Date "2003.05.05"]
[Round "11.3"]
[White "Gourlay, Iain"]
[Black "Hanley, Craig A"]
[Result "1/2-1/2"]
[WhiteElo "2276"]
[BlackElo "2380"]
[PlyCount "127"]
[EventDate "2003.05.05"]

1. Nf3 Nf6 2. g3 d5 3. c4 c6 4. b3 Bg4 5. Bg2 Nbd7 6. Bb2 e6 7. O-O Be7 8. d3
O-O 9. Nbd2 a5 10. a3 Qb6 11. Qc2 Rfd8 12. Rac1 h6 13. cxd5 exd5 14. e4 dxe4
15. dxe4 Qb5 16. e5 Nd5 17. Nd4 Qa6 18. h3 Bh5 19. e6 N7f6 20. exf7+ Bxf7 21.
Rfe1 Bf8 22. Nc4 c5 23. Nf5 a4 24. Ne5 Be8 25. Ng4 Bf7 26. Ne5 Be8 27. Ng4 Bf7
28. Bf1 axb3 29. Qxb3 Qa4 30. Qxa4 Rxa4 31. Nfxh6+ gxh6 32. Nxf6+ Nxf6 33. Bxf6
Rd2 34. Be7 c4 35. Bxf8 Kxf8 36. Rc3 Ra2 37. Rb1 R2xa3 38. Rxa3 Rxa3 39. Rxb7
Ra1 40. Rc7 Bg6 41. Kg2 Be4+ 42. f3 Ra2+ 43. Kg1 Bd3 44. Bxd3 cxd3 45. Rd7 Rd2
46. Kf1 Kg8 47. f4 Kf8 48. g4 Ke8 49. Rd6 h5 50. Re6+ Kf7 51. Re3 Rd1+ 52. Kf2
d2 53. Rd3 Rh1 54. Rxd2 Rxh3 55. g5 Ke6 56. Kg2 Ra3 57. Rf2 Kf5 58. Rf3 Ra1 59.
Kg3 Rh1 60. Rf2 Rg1+ 61. Kh2 Ra1 62. Kg3 Rg1+ 63. Rg2 Ra1 64. Rf2 1/2-1/2